00709nam a2200181Ia 4500008004100000020001800041050002400059100002700083245008400110260003000194300002300224500008100247650001800328700003900346942001200385952011300397999001700510120626s9999 xx 000 0 und d a970-24-0247-604aHF1009.5 S3518 20021 aSANDAHUSEN, Richard L.10aMercadotecnia cSandhuken, Richard L.; traudcción, Ma. Elenea Rosas Sánchez aMéxicobPatria Cultural axix, 660 páginas aContiene: Índice de contenido Índice general Traducción de; Marketing17aMERCADOTECNIA1 aROSAS, SÁNCHEZ, Ma. Elena, trad. 2ddccLB 00104070a07b07d2010-09-01l2oHF1009.5 S3518 2002p07 000671r2014-04-03s2014-04-03t1w2012-06-26yLB c66898d66898